Statistics for NBA signature moves

Click here to take the quiz!

General Stats

  • This quiz has been taken 42 times
  • The average score is 11 of 21

Answer Stats

HintAnswer% Correct
TomahawkLeBron James
100%
Chasedown BlockLeBron James
100%
Sky hookKareem Abdul-Jabbar
90%
CrossoverAllen Iverson
81%
Spin JumperKobe Bryant
81%
Step BackMichael Jordan
77%
Reverse LayupMichael Jordan
77%
No look passMagic Johnson
71%
Hesi-JumperKevin Durant
65%
Dream ShakeHakeem Olajuwon
58%
WhooptyKyrie Irving
48%
Reverse 360Vince Carter
48%
Black TornadoShaquille O'Neal
45%
Euro StepManu Ginobili
42%
Off the glassTim Duncan
35%
The leanDirk Nowitzki
29%
Finger RollGeorge Gervin
29%
Bounce passJason kidd
26%
FloaterTony Parker
23%
360 layupjohn wall
16%
360 DunkDavid Thompson
6%

Score Distribution

Percentile by Number Answered

Percent of People with Each Score

Your Score History

You have not taken this quiz